| 000 | 00587nam a2200193 i 4500 | ||
|---|---|---|---|
| 001 | 79756 | ||
| 003 | ES-MaACL | ||
| 005 | 20230906174039.0 | ||
| 007 | t| | ||
| 008 | 041025s1983 sp ||||1| spa d | ||
| 100 | 1 |
_aHerrero, Fernando. _963263 |
|
| 245 | 1 | 3 |
_aLa ópera y su estética _b: (para una práctica escénica) / _cFernando Herrero. |
| 260 |
_a[Madrid] : _bDirección General de Música y Teatro, _c[1983] |
||
| 300 |
_a293 p. : _bil. ; _c22 cm. |
||
| 490 | 1 | _aMusicalia | |
| 830 | 0 |
_aMusicalia _9226412 |
|
| 852 |
_aES-MaACL _jA-10887 _bR.106281 |
||
| 999 |
_c79756 _d79756 |
||